Академия наук Союза советских социалистических республик в 1927 году (Запись № 5581561)

Подробности
000 -МАРКЕР
контрольное поле 02003nam0a22003011 4500
001 - ИДЕНТИФИКАТОР ЗАПИСИ
контрольное поле rc\2569977
005 - ИДЕНТИФИКАТОР ВЕРСИИ
контрольное поле 20260601062727.0
035 ## - ДРУГИЕ СИСТЕМНЫЕ НОМЕРА
Идентификатор записи (NLR Aleph) 006734744
100 ## - ДАННЫЕ ОБЩЕЙ ОБРАБОТКИ
Данные общей обработки 20110914d1928 |||y0rusy50 ca
101 0# - ЯЗЫК РЕСУРСА
Язык текста, звукозаписи и т.д. русский
102 ## - СТРАНА ПУБЛИКАЦИИ ИЛИ ПРОИЗВОДСТВА
Страна публикации Российская Федерация
105 ## - ПОЛЕ КОДИРОВАННЫХ ДАННЫХ: ТЕКСТОВЫЕ МАТЕРИАЛЫ, МОНОГРАФИЧЕСКИЕ
Кодированные данные о монографическом текстовом документе y z |||h|
200 1# - ЗАГЛАВИЕ И СВЕДЕНИЯ ОБ ОТВЕТСТВЕННОСТИ
Основное заглавие Академия наук Союза советских социалистических республик в 1927 году
Сведения, относящиеся к заглавию речь и. о. непременного секретаря академика А. Е. Ферсмана
-- читана в торжественном годовом собрании 2 февраля 1928 года
210 ## - ПУБЛИКАЦИЯ, РАСПРОСТРАНЕНИЕ И ДР.
Место издания, распространения и т.д. Ленинград
Имя издателя, распространителя и т. д. изд-во Акад. наук СССР
Дата издания, распространения и т.д. 1928
215 ## - ФИЗИЧЕСКАЯ ХАРАКТЕРИСТИКА
Специфическое обозначение материала и объем [4], XXI с.
Размеры 24х16 см.
300 ## - ОБЩИЕ ПРИМЕЧАНИЯ
Текст примечания Описано по обл.
300 ## - ОБЩИЕ ПРИМЕЧАНИЯ
Текст примечания Отт. из Отчета о деятельности Акад. наук СССР за 1927 год
300 ## - ОБЩИЕ ПРИМЕЧАНИЯ
Текст примечания Тит. лист: "Отчет о деятельности Академии наук Союза советских социалистических республик за 1927 год"...
412 #0 - ИСТОЧНИК ОТРЫВКА ИЛИ ОТДЕЛЬНОГО ОТТИСКА
Встроенное поле 001rc\2638074
Системный номер (АБИС) связанной записи 7668454
Автор Академия наук СССР
Место публикации Ленинград
Дата публикации 1928
Первые сведения об ответственности составленный и. о. непременного секретаря академиком А.Е. Ферсманом с приложением отчетов отдельных академических учреждений
Имя издателя, распространителя и т.д. Изд-во Акад. наук СССР
Заглавие Отчет о деятельности Академии наук Союза советских социалистических республик за 1927 год
702 #1 - ИМЯ ЛИЦА - ВТОРИЧНАЯ ОТВЕТСТВЕННОСТЬ
Код отношения Прочие
Материалы, к которым относится поле rus
Графика поля Кириллица
Начальный элемент ввода Ферсман
Часть имени, кроме начального элемента ввода А. Е.
Расширение инициалов личного имени Александр Евгеньевич
Даты 1883-1945
Идентификатор авторитетной/нормативной записи RU\NLR\AUTH\7745476
Системный номер авторитетной/нормативной записи 28414
710 02 - НАИМЕНОВАНИЕ ОРГАНИЗАЦИИ - ПЕРВИЧНАЯ ОТВЕТСТВЕННОСТЬ
Начальный элемент ввода АН СССР
Идентификатор авторитетной/нормативной записи RU\NLR\AUTH\881046
Системный номер авторитетной/нормативной записи 272478
801 #0 - ИСТОЧНИК ЗАПИСИ
Страна Российская Федерация
Организация NLR
Правила каталогизации psbo
801 #1 - ИСТОЧНИК ЗАПИСИ
Страна Российская Федерация
Организация ELAR
Источник данных rusmarc
852 ## - МЕСТОНАХОЖДЕНИЕ И ШИФР ХРАНЕНИЯ
Идентификатор организации NLR
Шифр хранения (Call Number) 40/2153
942 ## - ДОПОЛНИТЕЛЬНЫЕ ЭЛЕМЕНТЫ ЗАПИСИ (АБИС)
Тип экземпляра АБИС Книга
980 ## - КОЛЛЕКЦИЯ
Название коллекции Национальная библиография
Экземпляры
Тип экземпляра Дата поступления Библиотека постоянного хранения Библиотека текущего хранения Место хранения Шифр хранения Штрих-код Статус экземпляра
Книга 26.10.2013 РНБ (Садовая) РНБ (Садовая) Русский книжный фонд -Главное здание, Ленинский читальный зал 40/2153 6734744-10